000
00328nam a2200133Ia 4500
008
230818s2003 xx 000 0 und d
041
_a
eng
100
_a
Anderws
245
_a
Food and Beverage Service (Mannul)
260
_b
Tata Mc Garth
_c
2003
300
_a
192p
520
_a
General
999
_c
851773
_d
851773
650
_a
Food and Beverage service